Gas injection for disposal and enhanced recovery / (Record no. 23829)
[ view plain ]
| 000 -LEADER | |
|---|---|
| fixed length control field | 01209cam a22003015a 4500 |
| 001 - CONTROL NUMBER | |
| control field | 18247910 |
| 005 - DATE AND TIME OF LATEST TRANSACTION | |
| control field | 20170104112733.0 |
| 008 - FIXED-LENGTH DATA ELEMENTS--GENERAL INFORMATION | |
| fixed length control field | 140731t2014 njua frb 001 0 eng d |
| 020 ## - INTERNATIONAL STANDARD BOOK NUMBER | |
| International Standard Book Number | 9781118938560 |
| 040 ## - CATALOGING SOURCE | |
| Original cataloging agency | DLC |
| Language of cataloging | eng |
| Transcribing agency | DLC |
| Modifying agency | DLC |
| -- | EG-ScBUE |
| 082 04 - DEWEY DECIMAL CLASSIFICATION NUMBER | |
| Edition number | 22 |
| Classification number | 622.33827 |
| Item number | GAS |
| 245 00 - TITLE STATEMENT | |
| Title | Gas injection for disposal and enhanced recovery / |
| Statement of responsibility, etc | edited by Ying Wu, John J. Carroll, Qi Li. |
| 260 ## - PUBLICATION, DISTRIBUTION, ETC. (IMPRINT) | |
| Place of publication, distribution, etc | New Jersey : |
| Name of publisher, distributor, etc | John Wiley & Sons, |
| Date of publication, distribution, etc | c.2014. |
| 300 ## - PHYSICAL DESCRIPTION | |
| Extent | xvii, 397 p. : |
| Other physical details | ill. ; |
| Dimensions | 25 cm. |
| 504 ## - BIBLIOGRAPHY, ETC. NOTE | |
| Bibliography, etc | Includes bibliographical references and index. |
| 650 #0 - SUBJECT ADDED ENTRY--TOPICAL TERM | |
| Topical term or geographic name as entry element | Oil wells |
| General subdivision | Gas lift. |
| Source of heading or term | BUEsh |
| 650 #7 - SUBJECT ADDED ENTRY--TOPICAL TERM | |
| Topical term or geographic name as entry element | Gas wells. |
| Source of heading or term | BUEsh |
| 9 (RLIN) | 39299 |
| 650 #0 - SUBJECT ADDED ENTRY--TOPICAL TERM | |
| Topical term or geographic name as entry element | Carbon dioxide |
| General subdivision | Industrial applications. |
| Source of heading or term | BUEsh |
| 650 #0 - SUBJECT ADDED ENTRY--TOPICAL TERM | |
| Topical term or geographic name as entry element | Geological carbon sequestration. |
| Source of heading or term | BUEsh |
| 650 #0 - SUBJECT ADDED ENTRY--TOPICAL TERM | |
| Topical term or geographic name as entry element | Atmospheric carbon dioxide |
| General subdivision | Storage. |
| Source of heading or term | BUEsh |
| 651 ## - SUBJECT ADDED ENTRY--GEOGRAPHIC NAME | |
| Source of heading or term | BUEsh |
| 653 ## - INDEX TERM--UNCONTROLLED | |
| Resource For college | Engineering, Petroleum |
| Arrived date list | January2017 |
| 700 1# - ADDED ENTRY--PERSONAL NAME | |
| Personal name | Wu, Ying |
| Titles and other words associated with a name | (Petroleum engineer), |
| Relator term | editor. |
| 700 1# - ADDED ENTRY--PERSONAL NAME | |
| Personal name | Carroll, John J., |
| Dates associated with a name | 1958- |
| Relator term | editor. |
| 9 (RLIN) | 28455 |
| 700 1# - ADDED ENTRY--PERSONAL NAME | |
| Personal name | Li, Qi |
| Titles and other words associated with a name | (Geologist), |
| Relator term | editor. |
| 776 08 - ADDITIONAL PHYSICAL FORM ENTRY | |
| Display text | Online version: |
| Title | Gas injection for disposal and enhanced recovery |
| Place, publisher, and date of publication | Beverly, MA : Scrivener Publishing, [2014] |
| International Standard Book Number | 9781118938584 |
| Record control number | (DLC) 2014030818 |
| 942 ## - ADDED ENTRY ELEMENTS (KOHA) | |
| Source of classification or shelving scheme | Dewey Decimal Classification |
| Withdrawn status | Item status | Source of classification or shelving scheme | Damaged status | Not for loan | Vendor | Home library | Current library | Shelving location | Date acquired | Source of acquisition | Cost, normal purchase price | Serial Enumeration / chronology | Total Checkouts | Total Renewals | Full call number | Barcode | Date last seen | Date last borrowed | Cost, replacement price | Koha item type |
|---|---|---|---|---|---|---|---|---|---|---|---|---|---|---|---|---|---|---|---|---|
| Dewey Decimal Classification | Academic Bookshop | Central Library | Central Library | First floor | 04/01/2017 | Purchase | 1393.00 | 2000085 | 2 | 1 | 622.33827 GAS | 000040748 | 15/07/2025 | 02/11/2019 | 1741.25 | Book - Borrowing |